000 00257nam a22001097a 4500
008 170113b xxu||||| |||| 00| 0 eng d
020 _a9781932603866
041 _aeng
080 _a618.2
245 _aWHAT NURSES KNOW...MENOPAUSE
_cROUSH, K
942 _2udc
_cBK
999 _c2884
_d2884